000 00628nam a2200181 i 4500
001 23958
003 ES-MaACL
005 20230906152950.0
007 t|
008 021213s1957 sp ||||1| cat d
100 1 _aAmigo Anglés, Ramón.
_921238
245 1 4 _aEls topáonims de la Ciutat i del Terme de Reus /
_cRamón Amigo Anglés.
260 _aReus :
_bAsociación de Estudios Reusenses,
_c1957 (
_fEmporium)
300 _aXXIX, 136 p. ;
_c25 cm.
500 _aPremi Eduard Brossa 1955 de la Societat Catalana de Geografía.
710 0 0 _aAsociación de Estudios Reusenses.
_91590
852 _aES-MaACL
_jC-14669
_bR.42773
999 _c23958
_d23958